000 00395nam a22001697a 4500
005 20160601103921.0
008 160601b xxu||||| |||| 00| 0 eng d
020 _a0333-92395-2
041 _aeng
082 _b6609
100 _aGupta A. K. & Sharma J.K.
_91642
245 _aManagement of Systems
260 _bMac Millan
_c1997
300 _a547
650 _aManagement
_9241
942 _cBK
999 _c2313
_d2312